Egypt and Austria III : the Danube monarchy and the Orient, proceedings of the Prague symposium, September 11th to 14th, 2006 = Ägypten und Osterreich III : die Donaumonarchie und der Orient, akten zum Prager symposion, 11.-14. September 2006 /

محفوظ في:

مؤلف مشترك: Československý egyptologický ústav.

مؤلفون آخرون: Holaubek, Johanna., Oerter, Wolf B., Navrátilová, Hana.

التنسيق: كتاب

اللغة: English
German

منشور في: Praha : Tschechisches Ägyptologisches Institut, c2007.

الموضوعات:

الوسوم: إضافة وسم

لا توجد وسوم, كن أول من يضع وسما على هذه التسجيلة!

رقم الطلب: DT82.5 .A8 E4 v.3

LEADER 01514nam a22003497a 4500
003 OSt
005 20260210095135.0
008 260210t2007 xr a g b 100 0 eng d
010 |a  2008374079 
020 |a 9788086277578 
040 |c ARCE Library 
041 0 |a eng  |a ger 
043 |a f-ua---  |a e-au--- 
050 1 4 |a DT82.5 .A8  |b E4 v.3 
245 0 0 |a Egypt and Austria III :   |b the Danube monarchy and the Orient, proceedings of the Prague symposium, September 11th to 14th, 2006 = Ägypten und Osterreich III : die Donaumonarchie und der Orient, akten zum Prager symposion, 11.-14. September 2006 /  |c edited by Johanna Holaubek, Hana Navrátilová, Wolf B. Oerter. 
246 3 1 |a Ägypten und Osterreich III : die Donaumonarchie und der Orient, akten zum Prager symposion, 11.-14. September 2006. 
264 1 |a Praha :   |b Tschechisches Ägyptologisches Institut,   |c c2007. 
300 |a 277 pages :   |b illustrations (some color) ;   |c 22 cm. 
504 |a Includes bibliographical references. 
546 |a in German and English. 
650 0 |a Egyptology  |z Austria  |v Congresses. 
650 0 |a Austrians  |z Egypt  |v Congresses. 
650 0 |a Czechs  |z Egypt  |v Congresses. 
651 0 |a Egypt  |x Foreign relations  |z Austria  |v Congresses. 
651 0 |a Austria   |x Foreign relations   |z Egypt   |v Congresses. 
700 1 |a Holaubek, Johanna. 
700 1 |a Oerter, Wolf B. 
700 1 |a Navrátilová, Hana.  |9 36772 
710 2 |a Československý egyptologický ústav. 
901 |a reviewed 
942 |2 lcc  |c BK 
999 |c 16614  |d 16614